Countries with the most hospital beds - Statistics

General Stats
  • This quiz has been taken 149 times
  • The average score is 14 of 20
Answer Stats
Place Number of beds Country % Correct
1 13.4 Japan
92%
3 8.27 Germany
90%
8 6.37 France
86%
19 3.42 Italy
85%
20 3.38 Norway
83%
18 3.50 Denmark
81%
2 9.56 South Korea
80%
16 4.63 Switzerland
78%
17 3.77 Australia
77%
11 5.52 Finland
77%
4 7.65 Austria
74%
7 6.55 Poland
73%
9 6.31 Belgium
70%
13 5.31 Slovenia
61%
12 5.37 Luxembourg
60%
10 6.06 Slovakia
58%
5 7.17 Hungary
55%
6 6.84 Czech Republic
45%
14 4.87 Estonia
42%
15 4.70 Argentina
34%
No matching quizzes found
Score Distribution
Percent of People with Each Score
Percentile by Number Answered
Your Score History
You have not taken this quiz